[Event "Chigorin Memorial 27th"]
[Site "St Petersburg"]
[Date "2019.10.13"]
[Round "9"]
[White "Romanov, Nikita"]
[Black "Sheynin, Izrail"]
[Result "0-1"]
[WhiteElo "1587"]
[BlackElo "1871"]
[PlyCount "28"]
[EventDate "2019.10.05"]
[EventType "swiss"]
[EventRounds "9"]
[EventCountry "RUS"]
[SourceTitle "EXT 2021"]
[Source "ChessBase"]
[SourceDate "2020.10.23"]
[SourceVersion "1"]
[SourceVersionDate "2020.10.23"]
[SourceQuality "1"]

1. e4 d5 2. exd5 Qxd5 3. Nc3 Qd6 4. d4 Nf6 5. Nf3 c6 6. Be2 g6 7. Ne5 Be6 8. 0-0 Bg7 9. Bf4 Qd8 10. Qd2 0-0 11. Rad1 Nbd7 12. Bf3 Nxe5 13. Bxe5 Qb6 14. Na4 Qd8 0-1

[Event "Chigorin Memorial 27th"]
[Site "St Petersburg"]
[Date "2019.10.11"]
[Round "7"]
[White "Sheynin, Izrail"]
[Black "Kuleshov, Dmitrii"]
[Result "1/2-1/2"]
[WhiteElo "1871"]
[BlackElo "1245"]
[PlyCount "72"]
[EventDate "2019.10.05"]
[EventType "swiss"]
[EventRounds "9"]
[EventCountry "RUS"]
[SourceTitle "EXT 2021"]
[Source "ChessBase"]
[SourceDate "2020.10.23"]
[SourceVersion "1"]
[SourceVersionDate "2020.10.23"]
[SourceQuality "1"]

1. e4 c5 2. Nf3 d6 3. d4 cxd4 4. Nxd4 Nf6 5. Nc3 a6 6. Bg5 e6 7. f4 h6 8. Bh4 Be7 9. Bf2 b5 10. Bd3 Bb7 11. Qe2 Nbd7 12. e5 dxe5 13. fxe5 Nd5 14. Nxd5 Bxd5 15. 0-0 0-0 16. a4 bxa4 17. Bxa6 Qb6 18. Bb5 Nc5 19. c3 Qb7 20. Be3 Nb3 21. c4 Bc5 22. Rad1 Nxd4 23. Bxd4 Bxd4+ 24. Rxd4 Qb6 25. Qf2 Bc6 26. Bxc6 Qxc6 27. h3 Qc5 28. Rd7 Qxf2+ 29. Rxf2 Rac8 30. Rc2 Rfd8 31. Rd6 Kf8 32. Kf2 Ke7 33. Ra6 Ra8 34. Rxa8 Rxa8 35. Ke3 Kd7 36. Kd4 Kc6 1/2-1/2

[Event "Chigorin Memorial 27th"]
[Site "St Petersburg"]
[Date "2019.10.06"]
[Round "2"]
[White "Koroleva, Mariya"]
[Black "Sheynin, Izrail"]
[Result "0-1"]
[WhiteElo "1355"]
[BlackElo "1871"]
[PlyCount "79"]
[EventDate "2019.10.05"]
[EventType "swiss"]
[EventRounds "9"]
[EventCountry "RUS"]
[SourceTitle "EXT 2020"]
[Source "ChessBase"]
[SourceDate "2019.10.17"]
[SourceVersion "1"]
[SourceVersionDate "2019.10.17"]
[SourceQuality "1"]

1. c4 e5 2. g3 d6 3. Bg2 g6 4. Nc3 Bg7 5. Nf3 f5 6. d3 Nf6 7. e4 c6 8. 0-0 0-0 9. b4 h6 10. Nh4 Kh7 11. exf5 gxf5 12. Qf3 f4 13. gxf4 Ng4 14. Qe4+ Kg8 15. Nf3 Bf5 16. Qe2 exf4 17. Bb2 Nd7 18. Qd2 Nde5 19. Nxe5 Nxe5 20. d4 Nxc4 21. Qc1 Nxb2 22. Qxb2 Qg5 23. Nd1 d5 24. Qc3 Rae8 25. Qd2 Bh3 26. f3 Bxd4+ 27. Kh1 Bxg2+ 28. Qxg2 Qxg2+ 29. Kxg2 Bxa1 30. Nf2 Bd4 31. Ng4 h5 32. Nf2 Re2 33. a4 Rxf2+ 34. Rxf2 Bxf2 35. Kxf2 Re8 36. Kg2 Kf7 37. Kh3 Kf6 38. Kh4 Kf5 39. b5 d4 40. a5 0-1

[Event "Chigorin Memorial 27th"]
[Site "St Petersburg"]
[Date "2019.10.05"]
[Round "1"]
[White "Sheynin, Izrail"]
[Black "Obgolts, Erik"]
[Result "0-1"]
[WhiteElo "1871"]
[BlackElo "2352"]
[PlyCount "82"]
[EventDate "2019.10.05"]
[EventType "swiss"]
[EventRounds "9"]
[EventCountry "RUS"]
[SourceTitle "EXT 2020"]
[Source "ChessBase"]
[SourceDate "2019.10.17"]
[SourceVersion "1"]
[SourceVersionDate "2019.10.17"]
[SourceQuality "1"]

1. e4 g6 2. d4 Bg7 3. Nc3 c6 4. Bc4 d6 5. Be3 e6 6. Qd2 d5 7. exd5 cxd5 8. Bb3 Nc6 9. Nf3 Nge7 10. Bh6 Bxh6 11. Qxh6 Nf5 12. Qd2 0-0 13. h4 Qf6 14. 0-0-0 h5 15. Ne2 Kg7 16. Ng3 Nd6 17. Rhe1 a5 18. a4 Bd7 19. Ne5 Be8 20. Nxc6 Bxc6 21. Re5 Rh8 22. c3 b5 23. axb5 a4 24. Ba2 Bxb5 25. Qg5 Bc4 26. Qxf6+ Kxf6 27. Bxc4 Nxc4 28. Re2 a3 29. bxa3 Rxa3 30. Kc2 Rb8 31. Rb1 Ra2+ 32. Kc1 Rba8 33. Kd1 Ra1 34. Rxa1 Rxa1+ 35. Kc2 Rg1 36. Kd3 Rxg2 37. Ne4+ Kg7 38. Ng5 Rg4 39. Ra2 Rf4 40. Ra7 Rxf2 41. Nxe6+ Kh6 0-1

[Event "St Petersburg Korchnoi Memorial op"]
[Site "St Petersburg"]
[Date "2018.08.23"]
[Round "9"]
[White "Zaliev, Rostislav"]
[Black "Sheynin, Izrail"]
[Result "1-0"]
[WhiteElo "1531"]
[BlackElo "1902"]
[PlyCount "43"]
[EventDate "2018.08.15"]
[EventType "swiss"]
[EventRounds "9"]
[EventCountry "RUS"]
[SourceTitle "CBM 186 Extra"]
[Source "ChessBase"]
[SourceDate "2018.08.24"]
[SourceVersion "1"]
[SourceVersionDate "2018.08.24"]
[SourceQuality "1"]

1. e4 c5 2. Nf3 d6 3. d4 cxd4 4. Nxd4 Nf6 5. Nc3 g6 6. Be3 Bg7 7. Be2 Nc6 8. 0-0 0-0 9. Nb3 Be6 10. f4 a6 11. f5 Bxb3 12. axb3 b5 13. g4 Nd7 14. g5 Be5 15. Rf3 Nc5 16. Rh3 Qc8 17. Bg4 Qb7 18. Qe1 h5 19. Qh4 Kg7 20. f6+ exf6 21. gxf6+ Bxf6 22. Bh6+ 1-0

[Event "St Petersburg Korchnoi Memorial op"]
[Site "St Petersburg"]
[Date "2018.08.19"]
[Round "5"]
[White "Grubova, Sofia"]
[Black "Sheynin, Izrail"]
[Result "1/2-1/2"]
[WhiteElo "1635"]
[BlackElo "1902"]
[PlyCount "85"]
[EventDate "2018.08.15"]
[EventType "swiss"]
[EventRounds "9"]
[EventCountry "RUS"]
[SourceTitle "CBM 186 Extra"]
[Source "ChessBase"]
[SourceDate "2018.08.24"]
[SourceVersion "1"]
[SourceVersionDate "2018.08.24"]
[SourceQuality "1"]

1. e4 d5 2. exd5 Nf6 3. d4 Nxd5 4. c4 Nb6 5. Nc3 e5 6. d5 Bb4 7. Bd2 0-0 8. Nf3 c6 9. Be2 cxd5 10. Nxd5 Bxd2+ 11. Qxd2 Nc6 12. Rd1 Bg4 13. 0-0 Bxf3 14. Bxf3 Nd4 15. Qc3 Rc8 16. Nxb6 Qxb6 17. b3 Qf6 18. Rfe1 b5 19. Bd5 Rfd8 20. Qg3 bxc4 21. bxc4 Re8 22. Re4 Nf5 23. Qc3 Nd6 24. Re3 e4 25. Qc2 Rc5 26. Qe2 g6 27. f3 Qg5 28. fxe4 Kg7 29. Rf3 f5 30. Qb2+ Qf6 31. Qb4 Rec8 32. Bb7 R8c7 33. Rfd3 Nxb7 34. Rd7+ Kh6 35. Qd2+ Qg5 36. Qc3 Kh5 37. Rxc7 Rxc7 38. Rd3 Qf4 39. Rh3+ Kg5 40. Rg3+ Kh6 41. Rh3+ Kg5 42. Rg3+ Kh6 43. Rh3+ 1/2-1/2

[Event "St Petersburg Korchnoi Memorial op"]
[Site "St Petersburg"]
[Date "2018.08.17"]
[Round "3"]
[White "Artamonov, Valery"]
[Black "Sheynin, Izrail"]
[Result "1-0"]
[WhiteElo "2140"]
[BlackElo "1902"]
[PlyCount "81"]
[EventDate "2018.08.15"]
[EventType "swiss"]
[EventRounds "9"]
[EventCountry "RUS"]
[SourceTitle "CBM 186 Extra"]
[Source "ChessBase"]
[SourceDate "2018.08.24"]
[SourceVersion "1"]
[SourceVersionDate "2018.08.24"]
[SourceQuality "1"]

1. c4 e5 2. Nc3 Nc6 3. g3 f5 4. Bg2 Nf6 5. d3 g6 6. Rb1 a5 7. f4 d6 8. Nf3 Bg7 9. 0-0 0-0 10. Kh1 Ng4 11. h3 Nf6 12. Kh2 h6 13. Be3 Be6 14. Qd2 Kh7 15. b3 Nd7 16. Bf2 Bg8 17. Nd5 Nd4 18. e3 Nxf3+ 19. Bxf3 c6 20. Nc3 Qc7 21. Rbc1 Rae8 22. Rg1 Nf6 23. Rg2 e4 24. dxe4 Nxe4 25. Nxe4 fxe4 26. Be2 b6 27. h4 Be6 28. g4 Bc8 29. Bg3 Qe7 30. Rd1 Rd8 31. Qc2 d5 32. cxd5 cxd5 33. h5 gxh5 34. gxh5 d4 35. exd4 Bxd4 36. Be1 Bf5 37. Bg4 Qe6 38. Qe2 Bc5 39. Bc3 Rg8 40. Rxd8 Bxg4 41. Rxg8 1-0

[Event "St Petersburg Korchnoi Memorial op"]
[Site "St Petersburg"]
[Date "2018.08.16"]
[Round "2"]
[White "Sheynin, Izrail"]
[Black "Kaliaskarova, Aray"]
[Result "1-0"]
[WhiteElo "1902"]
[BlackElo "1451"]
[PlyCount "99"]
[EventDate "2018.08.15"]
[EventType "swiss"]
[EventRounds "9"]
[EventCountry "RUS"]
[SourceTitle "CBM 186 Extra"]
[Source "ChessBase"]
[SourceDate "2018.08.24"]
[SourceVersion "1"]
[SourceVersionDate "2018.08.24"]
[SourceQuality "1"]

1. e4 e6 2. d3 d5 3. Nd2 Nf6 4. e5 Nfd7 5. d4 c5 6. c3 Nc6 7. Ngf3 Qb6 8. Nb3 a5 9. Nxc5 Nxc5 10. dxc5 Bxc5 11. Qc2 Bd7 12. Bd3 h6 13. 0-0 0-0 14. Bf4 Rac8 15. Qd2 f5 16. a3 a4 17. c4 d4 18. Rad1 Na5 19. h4 Be8 20. Nh2 Be7 21. Qe2 Bxh4 22. Bd2 Nb3 23. Bb4 Nc5 24. Bb1 Rd8 25. g4 Bc6 26. gxf5 exf5 27. Qh5 Bg5 28. f4 Be8 29. Qh3 Be7 30. Bxf5 Qc7 31. Nf3 Nb3 32. Be6+ Kh8 33. Bxe7 Qxe7 34. f5 Bf7 35. Bxf7 Rxf7 36. f6 gxf6 37. Qxh6+ Rh7 38. Qxf6+ Qxf6 39. exf6 Rf7 40. Ng5 Rg8 41. Rf5 Rg6 42. Rdf1 Nd2 43. R1f4 Nxc4 44. Kf2 Rd7 45. f7 Rd8 46. Rh4+ Kg7 47. Rh7+ Kf8 48. Rh8+ Ke7 49. Rxd8 Rxg5 50. f8Q+ 1-0

[Event "St Petersburg Summer op"]
[Site "St Petersburg"]
[Date "2017.08.21"]
[Round "6"]
[White "Radkov, Bazhen D"]
[Black "Sheynin, Izrail"]
[Result "1-0"]
[WhiteElo "2192"]
[BlackElo "1939"]
[PlyCount "61"]
[EventDate "2017.08.16"]
[EventType "swiss"]
[EventRounds "9"]
[EventCountry "RUS"]
[SourceTitle "CBM 180 Extra"]
[Source "ChessBase"]
[SourceDate "2017.10.06"]
[SourceVersion "1"]
[SourceVersionDate "2017.10.06"]
[SourceQuality "1"]

1. d4 Nf6 2. c4 c5 3. e3 g6 4. Nc3 Bg7 5. d5 d6 6. Nf3 0-0 7. h3 e6 8. Bd3 exd5 9. cxd5 Na6 10. a4 Nb4 11. Bb1 b6 12. 0-0 Re8 13. Re1 Ba6 14. e4 Nd7 15. Be3 Ne5 16. Nxe5 Bxe5 17. f4 Bg7 18. Qd2 Qh4 19. Bf2 Bd4 20. Qxd4 cxd4 21. Bxh4 dxc3 22. bxc3 Nd3 23. Bxd3 Bxd3 24. e5 dxe5 25. fxe5 Bc4 26. Rad1 h6 27. Bf6 Kf8 28. Rd4 Bb3 29. Re2 Rec8 30. Rb2 Rxc3 31. d6 1-0

[Event "Chigorin Memorial 24th"]
[Site "St Petersburg"]
[Date "2016.10.23"]
[Round "9"]
[White "Bykov, Egor"]
[Black "Sheynin, Izrail"]
[Result "1-0"]
[WhiteElo "2292"]
[BlackElo "1982"]
[PlyCount "83"]
[EventDate "2016.10.15"]
[EventType "swiss"]
[EventRounds "9"]
[EventCountry "RUS"]
[SourceTitle "CBM 175 Extra"]
[Source "ChessBase"]
[SourceDate "2016.12.12"]
[SourceVersion "1"]
[SourceVersionDate "2016.12.12"]
[SourceQuality "1"]

1. d4 Nf6 2. Nf3 c5 3. d5 e6 4. Nc3 d6 5. e4 exd5 6. Nxd5 Nxd5 7. Qxd5 Be7 8. Bc4 0-0 9. 0-0 Nd7 10. Qd3 Nb6 11. Bb3 Bg4 12. Nd2 Rc8 13. a4 Kh8 14. a5 Nd7 15. Bd5 Qc7 16. Qb3 b6 17. Bxf7 Be2 18. Re1 c4 19. axb6 axb6 20. Qg3 Rxf7 21. Rxe2 Rcf8 22. Nb1 Qd8 23. Be3 Nf6 24. Nc3 b5 25. f3 b4 26. Nd5 Nxd5 27. exd5 Bf6 28. Qg4 Bxb2 29. Ra2 Qf6 30. Qxc4 Re7 31. Bf2 Rxe2 32. Qxe2 Be5 33. Qe4 Qh6 34. g3 Qh5 35. Kg2 h6 36. Ra6 Qf7 37. Rb6 Re8 38. Qd3 Rc8 39. Rxb4 Qc7 40. c4 Qa5 41. Qb3 Qa6 42. Qa4 1-0

[Event "Chigorin Memorial 24th"]
[Site "St Petersburg"]
[Date "2016.10.21"]
[Round "7"]
[White "Pogorelskikh, Sofia"]
[Black "Sheynin, Izrail"]
[Result "0-1"]
[WhiteElo "1717"]
[BlackElo "1982"]
[PlyCount "88"]
[EventDate "2016.10.15"]
[EventType "swiss"]
[EventRounds "9"]
[EventCountry "RUS"]
[SourceTitle "CBM 175 Extra"]
[Source "ChessBase"]
[SourceDate "2016.12.12"]
[SourceVersion "1"]
[SourceVersionDate "2016.12.12"]
[SourceQuality "1"]

1. e4 c5 2. Nf3 d6 3. d4 cxd4 4. Nxd4 Nf6 5. Nc3 g6 6. f3 Bg7 7. Be3 a6 8. Bc4 b5 9. Bb3 Bb7 10. Qd2 Nc6 11. 0-0-0 Rc8 12. Kb1 Ne5 13. Bh6 Bxh6 14. Qxh6 Qb6 15. g4 Nc4 16. Bxc4 Rxc4 17. Qd2 h5 18. g5 Nd7 19. Nde2 0-0 20. Nf4 Rfc8 21. Ncd5 Qd8 22. Ne3 R4c5 23. Nfd5 Ne5 24. f4 Nc4 25. Nxc4 Rxc4 26. Rhe1 Bxd5 27. exd5 Rxc2 28. Qxc2 Rxc2 29. Kxc2 Qc8+ 30. Kb1 Qf5+ 31. Ka1 Qxf4 32. Rxe7 Qxg5 33. Rc7 Qe5 34. a3 h4 35. h3 Qe2 36. Rd4 Qe3 37. Rg4 Qxh3 38. Rf4 Qh1+ 39. Ka2 Qxd5+ 40. Ka1 g5 41. Rf1 Kg7 42. Rcc1 h3 43. Rcd1 Qe6 44. Rde1 Qd7 0-1

[Event "Chigorin Memorial 24th"]
[Site "St Petersburg"]
[Date "2016.10.17"]
[Round "3"]
[White "Paramzina, Anastasya"]
[Black "Sheynin, Izrail"]
[Result "1-0"]
[WhiteElo "2221"]
[BlackElo "1982"]
[PlyCount "109"]
[EventDate "2016.10.15"]
[EventType "swiss"]
[EventRounds "9"]
[EventCountry "RUS"]
[SourceTitle "CBM 175 Extra"]
[Source "ChessBase"]
[SourceDate "2016.12.12"]
[SourceVersion "1"]
[SourceVersionDate "2016.12.12"]
[SourceQuality "1"]

1. e4 e5 2. Nf3 Nc6 3. Bc4 Nf6 4. d3 Be7 5. 0-0 0-0 6. Re1 d6 7. c3 Na5 8. Bb5 a6 9. Ba4 b5 10. Bc2 c5 11. Nbd2 Qc7 12. Nf1 Bg4 13. h3 Bh5 14. Ng3 Bg6 15. Nh4 Nc6 16. Nhf5 Bd8 17. Qf3 Kh8 18. Bg5 Ng8 19. Be3 Bf6 20. Rac1 Rac8 21. Bb3 Bxf5 22. Nxf5 Nce7 23. Ng3 g6 24. d4 Bg7 25. Rcd1 f5 26. dxe5 dxe5 27. exf5 Nxf5 28. Nxf5 Rxf5 29. Qg3 c4 30. Bc2 Rf6 31. Bg5 Rd6 32. h4 Rxd1 33. Bxd1 Ne7 34. h5 h6 35. Bxe7 Qxe7 36. Qxg6 Qf6 37. Qe4 Rf8 38. Rf1 Qf5 39. Qb7 Qc8 40. Qd5 Qf5 41. a4 e4 42. Qxf5 Rxf5 43. Re1 b4 44. cxb4 Bxb2 45. Rxe4 c3 46. g4 Rf6 47. Kf1 Rd6 48. Bb3 Ba3 49. f4 Rb6 50. g5 hxg5 51. fxg5 Bxb4 52. Re8+ Kg7 53. Rg8+ Kh7 54. g6+ Kh6 55. Rh8+ 1-0

[Event "Chigorin Memorial 23rd"]
[Site "St Petersburg"]
[Date "2015.10.11"]
[Round "9"]
[White "Sheynin, Izrail"]
[Black "Yakimenko, Anastasia"]
[Result "1/2-1/2"]
[WhiteElo "1957"]
[BlackElo "2115"]
[PlyCount "86"]
[EventDate "2015.10.03"]
[EventType "swiss"]
[EventRounds "9"]
[EventCountry "RUS"]
[SourceTitle "CBM 168 Extra"]
[Source "ChessBase"]
[SourceDate "2015.10.29"]
[SourceVersion "1"]
[SourceVersionDate "2015.10.29"]
[SourceQuality "1"]

1. e4 c5 2. Nf3 e6 3. d4 cxd4 4. Nxd4 a6 5. Nc3 Qc7 6. Bd3 b5 7. 0-0 Bb7 8. Kh1 Nf6 9. Qe2 d6 10. f4 b4 11. Nd1 Nbd7 12. Nf2 e5 13. Nf3 Nc5 14. Bd2 Nxd3 15. cxd3 a5 16. Rfc1 Qb8 17. d4 Ba6 18. Qe1 Nd7 19. a3 exf4 20. axb4 axb4 21. Bxb4 Be7 22. e5 dxe5 23. Bxe7 Kxe7 24. Nxe5 Nxe5 25. Rc5 Rd8 26. Rxe5+ Kf8 27. Rea5 f3 28. Rxa6 fxg2+ 29. Kg1 Rxa6 30. Rxa6 Qxb2 31. Qa1 Qxa1+ 32. Rxa1 Rxd4 33. Kxg2 g6 34. Kf3 Kg7 35. Ra7 Rd5 36. Ng4 Rf5+ 37. Kg3 h5 38. Ne3 Rf6 39. Nd5 Rf5 40. Nf4 Kg8 41. Rd7 Kg7 42. Rd5 Rf6 43. h3 Ra6 1/2-1/2

[Event "Chigorin Memorial 23rd"]
[Site "St Petersburg"]
[Date "2015.10.04"]
[Round "2"]
[White "Chekletsov, Ilya"]
[Black "Sheynin, Izrail"]
[Result "1-0"]
[WhiteElo "2299"]
[BlackElo "1957"]
[PlyCount "107"]
[EventDate "2015.10.03"]
[EventType "swiss"]
[EventRounds "9"]
[EventCountry "RUS"]
[SourceTitle "CBM 168 Extra"]
[Source "ChessBase"]
[SourceDate "2015.10.29"]
[SourceVersion "1"]
[SourceVersionDate "2015.10.29"]
[SourceQuality "1"]

1. e4 c5 2. a3 Nc6 3. b4 e5 4. b5 Nd4 5. c3 Ne6 6. Nf3 d6 7. Bc4 Be7 8. 0-0 Nf6 9. d3 0-0 10. a4 b6 11. Re1 Qc7 12. Qb3 Nd8 13. Bg5 Nb7 14. Nbd2 Na5 15. Qd1 Nxc4 16. dxc4 Be6 17. Bxf6 Bxf6 18. Qe2 Qe7 19. Nf1 Bg5 20. Nxg5 Qxg5 21. Qd3 Rad8 22. Ne3 g6 23. a5 f5 24. axb6 axb6 25. Nd5 fxe4 26. Qxe4 Qd2 27. Qe3 Qxe3 28. Nxe3 Ra8 29. Red1 Kf7 30. Kf1 Ke7 31. Ke2 Rfd8 32. f3 h6 33. h4 h5 34. Rdb1 Rxa1 35. Rxa1 Rd7 36. Ra8 Rb7 37. Kd3 Kf6 38. Ke4 g5 39. Rd8 Ke7 40. Rh8 gxh4 41. Nd5+ Bxd5+ 42. Kxd5 Kf6 43. Kc6 Rg7 44. Kxb6 Rxg2 45. Rxh5 Rc2 46. Kc7 Rxc3 47. Rxh4 Kg5 48. Rg4+ Kf5 49. b6 Rxf3 50. Rg8 Rb3 51. b7 e4 52. b8Q Rxb8 53. Rxb8 Ke5 54. Re8+ 1-0

[Event "St Petersburg Rapid final"]
[Site "St Petersburg"]
[Date "2014.09.27"]
[Round "1.2"]
[White "Sheynin, Izrail"]
[Black "Popova, Valeriya"]
[Result "0-1"]
[WhiteElo "2052"]
[BlackElo "1470"]
[PlyCount "56"]
[EventDate "2014.09.27"]
[EventType "k.o. (rapid)"]
[EventRounds "5"]
[EventCountry "RUS"]
[SourceTitle "CBM 162 Extra"]
[Source "ChessBase"]
[SourceDate "2014.10.17"]
[SourceVersion "1"]
[SourceVersionDate "2014.10.17"]
[SourceQuality "1"]

1. e4 c5 2. Nf3 d6 3. d4 Nf6 4. Nc3 cxd4 5. Nxd4 a6 6. Bg5 e6 7. f4 h6 8. Bh4 Be7 9. Qf3 Qc7 10. 0-0-0 Nbd7 11. Bxf6 Nxf6 12. f5 Bd7 13. g4 0-0-0 14. Bg2 Kb8 15. h4 g5 16. h5 Rc8 17. Rhe1 e5 18. Nb3 Rhd8 19. Re2 Bc6 20. Rd3 b5 21. a3 Qb6 22. Qf2 Qxf2 23. Rxf2 Nxg4 24. Re2 Nf6 25. Rh3 g4 26. Rh1 Rg8 27. Kd1 Rg5 28. Bf1 Nxh5 0-1

[Event "St Petersburg-ch sf"]
[Site "St Petersburg"]
[Date "2013.02.01"]
[Round "7"]
[White "Sheynin, Izrail"]
[Black "Reznik, Vladimir"]
[Result "1/2-1/2"]
[WhiteElo "2066"]
[BlackElo "2105"]
[PlyCount "81"]
[EventDate "2013.01.26"]
[EventType "swiss"]
[EventRounds "9"]
[EventCountry "RUS"]
[SourceTitle "CBM 152 Extra"]
[Source "ChessBase"]
[SourceDate "2013.02.25"]
[SourceVersion "1"]
[SourceVersionDate "2013.02.25"]
[SourceQuality "1"]

1. e4 e5 2. Nf3 Nc6 3. d4 exd4 4. Bc4 Bc5 5. 0-0 d6 6. c3 dxc3 7. Qb3 Qf6 8. Nxc3 Nge7 9. Bg5 Qg6 10. Nd5 Nxd5 11. exd5 Ne5 12. Nxe5 dxe5 13. Qb5+ Bd7 14. Qxc5 Qxg5 15. f4 Qe7 16. Qxe7+ Kxe7 17. fxe5 Rhf8 18. Rad1 Bg4 19. Rd4 Bh5 20. Re1 Rfe8 21. Bb5 Red8 22. d6+ Kf8 23. Rh4 Bg6 24. dxc7 Rd5 25. e6 fxe6 26. Bc4 Rc5 27. Rf4+ Ke7 28. Rxe6+ Kd7 29. Rd4+ Kxc7 30. Re7+ Kc6 31. b4 Rf5 32. g4 Rf6 33. Rxg7 Raf8 34. Rg8 Rf4 35. Rxf8 Rxd4 36. b5+ Kc7 37. Be2 Rd2 38. Bc4 Rd4 39. Be2 Rd2 40. Bc4 Rd4 41. Be2 1/2-1/2

[Event "St Petersburg-ch sf"]
[Site "St Petersburg"]
[Date "2013.01.28"]
[Round "3"]
[White "Menkov, Aleksandr"]
[Black "Sheynin, Izrail"]
[Result "1-0"]
[WhiteElo "2168"]
[BlackElo "2066"]
[PlyCount "69"]
[EventDate "2013.01.26"]
[EventType "swiss"]
[EventRounds "9"]
[EventCountry "RUS"]
[SourceTitle "CBM 152 Extra"]
[Source "ChessBase"]
[SourceDate "2013.02.25"]
[SourceVersion "1"]
[SourceVersionDate "2013.02.25"]
[SourceQuality "1"]

1. e4 c5 2. Nf3 d6 3. Bc4 Nc6 4. d4 cxd4 5. Nxd4 Nf6 6. Nc3 g6 7. Nxc6 bxc6 8. e5 Nd7 9. exd6 exd6 10. 0-0 Ne5 11. Re1 Be7 12. Bb3 0-0 13. Bf4 Qc7 14. Qe2 a5 15. Bg3 Ba6 16. Qe3 Rfe8 17. Qf4 Bf8 18. Ne4 Bg7 19. Nf6+ Bxf6 20. Qxf6 Bb5 21. a4 Ba6 22. Rad1 Ng4 23. Qxd6 Qxd6 24. Bxd6 Rad8 25. Rxe8+ Rxe8 26. Bc7 c5 27. Bd5 Nf6 28. Bf3 g5 29. h3 h5 30. Rd6 Re6 31. Rxe6 fxe6 32. Bxa5 g4 33. hxg4 hxg4 34. Bc6 Kg7 35. Bb6 1-0

[Event "St Petersburg-ch sf"]
[Site "St Petersburg"]
[Date "2013.01.26"]
[Round "1"]
[White "Martynov, Pavel"]
[Black "Sheynin, Izrail"]
[Result "1-0"]
[WhiteElo "2298"]
[BlackElo "2066"]
[PlyCount "45"]
[EventDate "2013.01.26"]
[EventType "swiss"]
[EventRounds "9"]
[EventCountry "RUS"]
[SourceTitle "CBM 152 Extra"]
[Source "ChessBase"]
[SourceDate "2013.02.25"]
[SourceVersion "1"]
[SourceVersionDate "2013.02.25"]
[SourceQuality "1"]

1. e4 d5 2. exd5 Qxd5 3. Nc3 Qa5 4. g3 Nf6 5. Bg2 c6 6. Nge2 Bg4 7. h3 Bxe2 8. Qxe2 e6 9. 0-0 Nbd7 10. d3 Bd6 11. Rb1 Qc7 12. b4 0-0 13. b5 Nb6 14. bxc6 bxc6 15. Bb2 Rab8 16. Ne4 Nxe4 17. Qxe4 c5 18. Rfe1 Rbe8 19. a4 f5 20. Qc6 Qxc6 21. Bxc6 Re7 22. a5 Nd5 23. Rxe6 1-0

[Event "St Petersburg Spring op"]
[Site "St Petersburg"]
[Date "2012.03.29"]
[Round "8"]
[White "Sheynin, Izrail"]
[Black "Golovankov, Vladimir"]
[Result "0-1"]
[WhiteElo "2083"]
[BlackElo "2302"]
[PlyCount "70"]
[EventDate "2012.03.22"]
[EventType "swiss"]
[EventRounds "9"]
[EventCountry "RUS"]
[SourceTitle "EXT 2013"]
[Source "ChessBase"]
[SourceDate "2012.11.22"]
[SourceVersion "1"]
[SourceVersionDate "2012.11.22"]
[SourceQuality "1"]

1. e4 e5 2. Nf3 Nc6 3. d4 exd4 4. Nxd4 d6 5. Nc3 Nf6 6. Be2 Be7 7. 0-0 0-0 8. Be3 Ne5 9. h3 Re8 10. f4 Ng6 11. Qe1 Bf8 12. Bf3 d5 13. exd5 Nxf4 14. Qf2 Ng6 15. Nb3 Bd6 16. Bc5 Bd7 17. Rae1 Ne5 18. Ne4 Nxe4 19. Rxe4 Qg5 20. Bxd6 cxd6 21. Kh1 Bf5 22. Ree1 Nxf3 23. Rxe8+ Rxe8 24. Qxf3 Bg6 25. Nd4 Re5 26. c4 a6 27. a4 h5 28. Kh2 Qe7 29. Rf2 Re4 30. Nf5 Qe5+ 31. g3 h4 32. Kg2 Rxc4 33. b3 Rc3 34. Ne7+ Kh7 35. Nxg6 fxg6 0-1

[Event "St Petersburg Spring op"]
[Site "St Petersburg"]
[Date "2012.03.28"]
[Round "7"]
[White "Chernov, Maksim"]
[Black "Sheynin, Izrail"]
[Result "0-1"]
[WhiteElo "1862"]
[BlackElo "2083"]
[PlyCount "44"]
[EventDate "2012.03.22"]
[EventType "swiss"]
[EventRounds "9"]
[EventCountry "RUS"]
[SourceTitle "EXT 2013"]
[Source "ChessBase"]
[SourceDate "2012.11.22"]
[SourceVersion "1"]
[SourceVersionDate "2012.11.22"]
[SourceQuality "1"]

1. e4 d5 2. exd5 Qxd5 3. Nc3 Qa5 4. d4 Nf6 5. Bc4 Bg4 6. f3 Bh5 7. Be3 Nc6 8. Qd2 0-0-0 9. 0-0-0 e5 10. d5 Bb4 11. g4 Bg6 12. h4 h5 13. g5 Nxd5 14. Bxd5 Bxc3 15. Qxc3 Rxd5 16. Qxa5 Rxd1+ 17. Kxd1 Nxa5 18. Ne2 Rd8+ 19. Kc1 Nc4 20. Bc5 Rd2 21. b3 Rxe2 22. Kd1 Nb2+ 0-1

[Event "St Petersburg Spring op"]
[Site "St Petersburg"]
[Date "2012.03.25"]
[Round "4"]
[White "Sheynin, Izrail"]
[Black "Bazeev, German"]
[Result "0-1"]
[WhiteElo "2083"]
[BlackElo "2302"]
[PlyCount "68"]
[EventDate "2012.03.22"]
[EventType "swiss"]
[EventRounds "9"]
[EventCountry "RUS"]
[SourceTitle "EXT 2013"]
[Source "ChessBase"]
[SourceDate "2012.11.22"]
[SourceVersion "1"]
[SourceVersionDate "2012.11.22"]
[SourceQuality "1"]

1. e4 c5 2. Nf3 Nc6 3. d4 cxd4 4. Nxd4 Nf6 5. Nc3 d6 6. Bg5 e6 7. Qd2 a6 8. 0-0-0 h6 9. Be3 Be7 10. f4 Nxd4 11. Bxd4 b5 12. Kb1 Bb7 13. Bd3 0-0 14. e5 dxe5 15. Bxe5 b4 16. Na4 Bc6 17. b3 Bxa4 18. bxa4 Qa5 19. Bc4 Qxa4 20. Bb3 Qc6 21. Qe2 a5 22. Qc4 Qb7 23. Ba4 Rac8 24. Qe2 Rfd8 25. g3 Nd5 26. Qb5 Qa8 27. Bb3 Rc5 28. Bxd5 Rcxd5 29. Qe2 a4 30. Rxd5 Qxd5 31. Re1 Bf6 32. Bxf6 gxf6 33. Qc4 Qd2 34. Qe2 Qc3 0-1